| 000 | 00900nam a22002297a 4500 | ||
|---|---|---|---|
| 005 | 20150421143700.0 | ||
| 010 | _aENG-112296 | ||
| 020 |
_a9788121512787 _c1995.00 |
||
| 035 | _aEN-95828 | ||
| 037 | _bDBAD/PUB | ||
| 082 | _a284.65496 | ||
| 100 | _aBeszterda, Rafal | ||
| 245 |
_aThe Moravian brethren and Himalayan cultures : _cby Rafal Beszterda ; English translation by Thomas Anessi. _bevangelisation, society, industry / |
||
| 260 |
_aNew Delhi _bMunshiram Manoharlal _c2013 |
||
| 270 |
_aPO Box 5715,54 Rani Jhansi Road, _bNew Delhi _e110055 |
||
| 300 |
_a361p.: _c25cm(Hb) _bill. |
||
| 500 | _a Includes bibliographical references (pages 305-333) and indexes. | ||
| 610 |
_aMoravian Church _xMissions _zHimalaya Mountains Region. |
||
| 650 |
_aChristianity _zHimalaya Mountains Region _xHistory |
||
| 700 | _a Anessi, Thomas. | ||
| 942 |
_2ddc _cEN _mBES _h284.65496 |
||
| 999 |
_c92069 _d92069 |
||